01071nam a2200265 a 450000100060000000300080000600500170001400800390003103500190007004000270008904100080011608200220012410000350014624500550018125000120023626000620024830000280031050001970033850400200053565100580055583000290061394200120064299900170065495201340067124811BD-RjUL20211209001112.0140315r19671956enkb b 001 0 eng a(BD-RjUL)24880 aDLCbengcDLCdBD-RjUL aeng04a942.066bOGE 19671 aOgg, David,d1887-1965.97438610aEngland in the reign of Charles II /cby David Ogg a2nd ed. aOxford :bOxford university Press,c1956 [rprinted 1967]. a779 p. :bmap ;c21 cm. a"First published 1934. Second edition 1956. Reprinted lithographically in Great Britain by D.R. Hillman & Sons, Ltd., Frome from corrected sheets of the second edition 1956, 1962" - verso t.p. aincludes index. 0aGreat BritainxHistoryyCharles II, 1660-1685.976385 0aOxford paperbacks976390 2ddccBK c24811d24811 00102ddc40728NFICaRUCLbRUCLcReadingd1970-01-20eZietg0.21l0o942.066 OGE 1967r2014-03-15 00:00:00tC-1w2014-03-15yBK